| 000 | 00773nam a2200241 a 4500 | ||
|---|---|---|---|
| 001 | 000023038 | ||
| 005 | 20200930021939.0 | ||
| 008 | 101124s1986 sp r 000 p spa d | ||
| 020 | _a8475360114 | ||
| 040 |
_aDO-SdBNP _bspa _cBNPHU |
||
| 082 |
_axxx _bW614 |
||
| 100 | 1 |
_aWhitman, Walt, _947403 |
|
| 245 | 1 | 0 |
_aPoesía completa / _cWalt Whitman; traducción Pablo Mañé. |
| 260 |
_aBarcelona : _b29, _c1986. |
||
| 300 |
_a4 t. ; _c19 cm. |
||
| 490 | _aRío Nuevo | ||
| 490 | _aAire Fresco | ||
| 505 |
_gV.I _tDedicatorias a partir de Paumanok. Canto a mi mismo. Hijo de Adan. Canto al electrico cuerpo. _gV.II _tsdasd _gV.III _tdasd _gV.IV _tdada |
||
| 700 | 1 |
_aMañé, Pablo _etr _947404 |
|
| 830 | 0 |
_aRío Nuevo _947405 |
|
| 830 | 0 |
_aAire Fresco _947406 |
|
| 049 | _aBNGR | ||
| 999 |
_c22535 _d22535 |
||